Sports Quiz

Random Sports or NBA Quiz

NBA All-Time Scoring Leaders by Position Quiz Stats

Quiz Updated Aug 30, 2017

Challenge
Share
Tweet
Embed
Score 0/50 Timer 10:00
11 Plays Today
Hint Answer % Correct
Shooting GuardsMichael Jordan
95.6%
Small ForwardsLeBron James
93.9%
Shooting GuardsKobe Bryant
92.6%
CentersKareem Abdul-Jabbar
88.5%
CentersShaquille O'Neal
86%
Power FowardsKarl Malone
85.4%
Power FowardsTim Duncan
85.2%
CentersMoses Malone
84.6%
CentersWilt Chamberlain
82.8%
Small ForwardsLarry Bird
80.8%
Point GuardsJohn Stockton
76%
Point GuardsJerry West
75.8%
Power FowardsDirk Nowitzki
74.8%
Shooting GuardsAllen Iverson
73.4%
Point GuardsMagic Johnson
71.8%
CentersHakeem Olajuwon
71.2%
Power FowardsKevin Garnett
68.5%
Shooting GuardsDwyane Wade
68.3%
CentersDavid Robinson
67.1%
Power FowardsClifford Robinson
66.2%
Point GuardsIsiah Thomas
65.3%
Small ForwardsPaul Pierce
63.9%
Point GuardsOscar Robertson
63.5%
Shooting GuardsRay Allen
63%
CentersPatrick Ewing
62%
Hint Answer % Correct
Power FowardsCharles Barkley
60.3%
Shooting GuardsVince Carter
56.4%
Small ForwardsCarmelo Anthony
53.7%
Shooting GuardsReggie Miller
53.6%
Shooting GuardsClyde Drexler
52.9%
Point GuardsGary Payton
50.3%
Small ForwardsDominique Wilkins
50%
Point GuardsTony Parker
48.7%
Small ForwardsJohn Havlicek
46.1%
Small ForwardsElgin Baylor
44.4%
CentersRobert Parish
42.4%
Small ForwardsAlex English
40.3%
Shooting GuardsGeorge Gervin
39.5%
Power FowardsElvin Hayes
35.4%
Power FowardsBob Pettit
34.4%
CentersPau Gasol
34.2%
Small ForwardsBernard King
28.4%
Small ForwardsAdrian Dantley
26.5%
Point GuardsLenny Wilkens
16%
Point GuardsDave Bing
15.1%
Power FowardsAntawn Jamison
14.7%
Shooting GuardsHal Greer
14.7%
Power FowardsTom Chambers
13.1%
CentersWalt Bellamy
12%
Point GuardsCalvin Murphy
9.1%

You're not logged in!

Compare scores with friends on all Sporcle quizzes.
Sign Up with Email
OR
Log In

You Might Also Like...

Show Comments

Extras

Top Quizzes Today


Score Distribution

Your Account Isn't Verified!

In order to create a playlist on Sporcle, you need to verify the email address you used during registration. Go to your Sporcle Settings to finish the process.